000 00418nam a22001817a 4500
003 OSt
005 20211104154433.0
008 211104b |||||||| |||| 00| 0 eng d
020 _a0155082434
040 _cHU
082 _a305.8901/HAV
100 _aHAVILAND
_916975
245 _aCULTURAL ANTHROPOLOGY
250 _a9TH
260 _aNEW YORK
_bHARCOURT BRACE
_c1999
300 _a513P
942 _2ddc
_cBOOKS
_n0
999 _c16793
_d16793